000 00300nam a22001337a 4500
082 _a894.812.3
_bBAS/P
100 _aBASHEER,MUHAMMAD
245 _aPREMALEKHANAM
246 _aPREMALEKHANAM
_bPREMALEKHANAM
260 _aKOTTAYAM
_bD C
_c2022
300 _a55
650 _aMALAYALAM NOVEL
942 _cBK
999 _c8603
_d8603